000 00561nam a22001937a 4500
003 MPLRDC
005 20220104194308.0
008 210129b ||||| |||| 00| 0 eng d
020 _a978-957-33-3032-5
082 _a861.57 DYGW-17
100 _a东野圭吾
245 _a在大雪封闭的山庄里
_c王蕴洁 译
250 _a初版
260 _a台湾
_b皇冠文化出版有限公司
_c2013
300 _b
490 _a皇冠丛书: 第4349种; 东野圭吾作品集: 18
650 _a日本文学--长篇小说
942 _cBK
_o861.57 DYGW-17
999 _c65610
_d65600